[Event "ICS rated blitz match"]
[Site "207.99.83.227"]
[Date "1999.04.04"]
[Round "?"]
[White "MNAGROCKI"]
[Black "Hossa"]
[Result "0-1"]
[WhiteElo "2020"]
[BlackElo "2394"]
[PlyCount "108"]

1. d4 Nf6 2. c4 g6 3. Nc3 Bg7 4. Nf3 O-O 5. e4 c5 6. d5 d6 7. Bd3 Bg4 8. O-O
Bxf3 9. Qxf3 Na6 10. a3 Nd7 11. Qe2 Nc7 12. Bd2 Qe8 13. f4 Bd4+ 14. Kh1 Nf6 15.
f5 Bxc3 16. Bxc3 g5 17. h4 h6 18. hxg5 hxg5 19. Bd2 Nh7 20. Rf3 Rb8 21. Rh3 f6
22. Rh6 b5 23. b3 bxc4 24. Bxc4 Nb5 25. Rg6+ Kh8 26. a4 Nd4 27. Qd3 Rg8 28. Rh6
Qf8 29. Rh5 Qf7 30. g4 Rb7 31. Kg2 Rg7 32. Be3 Kg8 33. Bxd4 cxd4 34. Qxd4 Nf8
35. Rah1 Rh7 36. Bb5 Rc7 37. Bc6 Rxh5 38. Rxh5 Nd7 39. b4 Ne5 40. b5 Nxg4 41.
Rh3 Ne5 42. a5 g4 43. Rh4 Qg7 44. Kg3 Nf3 45. Qe3 Nxh4 46. Kxh4 Kf7 47. b6 Rc8
48. b7 Rh8+ 49. Kg3 Rh3+ 50. Kf2 Rxe3 51. Kxe3 Qg8 52. Kf4 g3 53. Bd7 Qb8 54.
Bc8 54... g2 {MNAGROCKI resigns} 0-1

[Event "ICS rated blitz match"]
[Site "207.99.83.227"]
[Date "1999.04.04"]
[Round "?"]
[White "Hossa"]
[Black "MNAGROCKI"]
[Result "1-0"]
[WhiteElo "2397"]
[BlackElo "2017"]
[PlyCount "77"]

1. e4 e6 2. Nf3 g6 3. Bb5 Bg7 4. d4 Ne7 5. O-O O-O 6. Bf4 c6 7. Be2 d5 8. Nbd2
f6 9. h4 h5 10. c4 Nd7 11. Rc1 e5 12. dxe5 fxe5 13. Bg5 d4 14. Bd3 Bf6 15. Bh6
Rf7 16. Nb3 Kh7 17. Qd2 Ng8 18. Ng5+ Bxg5 19. Bxg5 Ngf6 20. Rcd1 Qf8 21. f4 Ng4
22. fxe5 Ndxe5 23. Nxd4 Nxd3 24. Qxd3 Ne5 25. Qg3 Nxc4 26. Rxf7+ Qxf7 27. b3
Nb6 28. Rf1 Qd7 29. Qe5 Qg7 30. Bf6 Qf7 31. Bh8 Qg8 32. Qe7+ Kxh8 33. Rf8 Bg4
34. Rxg8+ Rxg8 35. Qxb7 Rd8 36. Nxc6 Rd1+ 37. Kh2 Rd2 38. Qf7 Rd7 39. Ne7 {
MNAGROCKI resigns} 1-0

[Event "ICS rated blitz match"]
[Site "207.99.83.227"]
[Date "1999.04.04"]
[Round "?"]
[White "MNAGROCKI"]
[Black "Hossa"]
[Result "1-0"]
[WhiteElo "2014"]
[BlackElo "2400"]
[Annotator "Crafty v16.6"]
[PlyCount "62"]

{annotating for player Hossa using a scoring margin of +0.10 pawns. search
time limit is 20.00} 1. d4 1... Nf6 2. c4 g6 3. Nc3 Bg7 4. Nf3 O-O ({8:-0.29} 
4... O-O 5. e4 c6 6. Be2 d5 7. e5 Ng4 8. O-O dxc4 9. Bxc4 $10) ({8:-0.18} 4...
d5 5. e3 Nc6 6. Ne5 dxc4 7. Nxc6 bxc6 8. Bxc4 8... O-O $10) 5. e4 c5 6. d5 d6
7. Bd3 Bg4 8. O-O Bxf3 ({9:-0.76} 8... Bxf3 9. Qxf3 Nbd7 10. Bc2 Ne5 11. Qe2
Qd7 12. Bg5 Nfg4 13. Rae1 $16) ({9:-0.36} 8... Nbd7 9. Be2 Nb6 10. Qd3 e6 11.
h3 Bxf3 12. Bxf3 exd5 13. Nxd5 Nfxd5 14. exd5 $14) 9. Qxf3 Na6 10. a3 Nd7 11.
Qe2 Nc7 12. Bd2 Qe8 ({8:-0.81} 12... Qe8 13. Bf4 Rd8 14. Bg5 Nb6 15. Bc2 Rc8
16. Nd1 $16) ({8:-0.50} 12... e6 13. Bf4 Ne5 14. Bc2 Qf6 15. Be3 exd5 16. Nxd5
Nxd5 17. exd5 $14) 13. f4 Bd4+ ({9:-0.42} 13... Bd4+ 14. Kh1 Bg7 15. f5 Ne5 16.
Bc2 Qd7 17. Ba4 Qd8 18. fxg6 18... hxg6 $14) ({9:-0.28} 13... e6 14. Rae1 Qd8
15. Be3 Bd4 16. dxe6 Nxe6 17. Nd5 Qh4 18. Rd1 $10) 14. Kh1 Nf6 ({9:-0.61} 14...
Nf6 15. f5 Nd7 16. Bc2 Bg7 17. Bf4 Ne5 18. fxg6 fxg6 19. b4 $14) ({9:-0.45} 
14... e6 15. dxe6 Qxe6 16. f5 Qe7 17. fxg6 hxg6 18. Bh6 Rfe8 19. Nd5 Nxd5 20.
cxd5 $14) 15. f5 Bxc3 ({8:-1.07} 15... Bxc3 16. bxc3 Qd8 17. Bh6 Re8 18. fxg6
hxg6 19. Rab1 Rb8 20. Kg1 $16) ({8:-0.62} 15... Nd7 16. fxg6 hxg6 17. Bh6 Bg7
18. Bxg7 Kxg7 19. Qe3 Ne5 20. Rf4 Nxd3 21. Qxd3 $14) 16. Bxc3 g5 ({8:-1.61} 
16... g5 17. Bd2 h6 18. h4 Qd7 19. hxg5 hxg5 20. Bxg5 20... a5 $18) ({8:-0.94} 
16... Nd7 17. Bd2 Kg7 18. Bf4 Ne5 19. Bxe5+ dxe5 20. Qe3 b6 21. Qg5 $16) 17. h4
h6 18. hxg5 hxg5 19. g3 Rb8 ({9:-1.35} 19... Rb8 20. e5 Nd7 21. e6 Nb6 22. Qh5
f6 23. Qh6 23... Rd8 $16) ({9:-1.08} 19... Nd7 20. Kg2 f6 21. Rh1 Ne5 22. Bxe5
dxe5 23. Qe3 b6 24. Rh6 $16) 20. Kg2 Qd7 ({8:-2.66} 20... Qd7 21. Rh1 Nce8 22.
Qg4 Ng7 23. Qxg5 Qd8 24. Rh6 $18) ({8:-1.23} 20... Qd8 21. Rh1 e5 22. fxe6 fxe6
23. Qe3 Kf7 24. Qxg5 24... Ke8 $16) 21. Rh1 e5 22. Bd2 Rbc8 ({9:-4.23} 22...
Rbc8 23. Qe3 Nxe4 24. Bxe4 f6 25. Rh6 Rf7 26. Rah1 Kf8 27. Rh8+ Ke7 28. Rxc8
28... Qxc8 $18) ({9:-2.76} 22... Qe7 23. Bxg5 Qd8 24. Rh6 Nce8 25. Rah1 a5 26.
b3 26... Qe7 $18) 23. Bxg5 Nce8 ({9:-6.41} 23... Nce8 24. Bxf6 Nxf6 25. Qe3
Nxe4 26. Qh6 f6 27. Qh8+ Kf7 28. Rh7+ Ke8 29. Qxf8+ Kxf8 30. Rxd7 Nd2 31. Rxd6
31... Ke7 $18) ({9:-5.15} 23... Qe7 24. Rh4 Rfd8 25. Rah1 Nce8 26. Rh8+ Kg7 27.
Bh6+ Kxh8 28. Bf8+ Kg8 29. Bxe7 Rd7 30. Bxf6 30... Nxf6 $18) 24. Rh6 Qc7 ({
9:-8.56} 24... Qc7 25. Bxf6 Nxf6 26. Qe3 Nh7 27. Rxh7 f6 28. Rxc7 Rxc7 29. Rh1
Rg7 30. Qh6 $18) ({9:-5.01} 24... Kg7 $18) 25. Rah1 Qb6 26. Bxf6 Nxf6 27. Rxf6
Qxb2 28. Qxb2 Kg7 29. Rfh6 Rg8 30. f6+ Kf8 31. Qxb7 Re8 1-0

[Event "ICS rated blitz match"]
[Site "207.99.83.227"]
[Date "1999.04.04"]
[Round "?"]
[White "MNAGROCKI"]
[Black "Hossa"]
[Result "0-1"]
[WhiteElo "2023"]
[BlackElo "2371"]
[PlyCount "80"]

1. d4 Nf6 2. c4 g6 3. Nc3 Bg7 4. Nf3 O-O 5. e4 c5 6. d5 d6 7. Bd3 Bg4 8. O-O
Bxf3 9. Qxf3 Na6 10. a3 Nd7 11. Qe2 Nc7 12. f4 Bd4+ 13. Kh1 Nf6 14. Bd2 Qe8 15.
f5 Bxc3 16. Bxc3 g5 17. h4 h6 18. hxg5 hxg5 19. g3 Rb8 20. Kg2 Qd7 21. Rh1 e5
22. Rh6 Kg7 23. Rah1 Rh8 24. Rxh8 Rxh8 25. Rxh8 Kxh8 26. Bd2 g4 27. Qe3 Nce8
28. Qh6+ Nh7 29. Be2 Nef6 30. Bd3 Qa4 31. Bg5 Ng8 32. Qh5 Qd1 33. Bf1 Qf3+ 34.
Kg1 Qxg3+ 35. Kh1 Qf3+ 36. Kg1 Qxe4 37. Bd8 Qe3+ 38. Kh1 Qf4 39. Bg2 Nh6 40.
Bg5 40... Qxg5 {MNAGROCKI resigns} 0-1

[Event "ICS rated blitz match"]
[Site "207.99.83.227"]
[Date "1999.04.04"]
[Round "?"]
[White "Hossa"]
[Black "MNAGROCKI"]
[Result "1-0"]
[WhiteElo "2375"]
[BlackElo "2019"]
[PlyCount "35"]

1. e4 e6 2. Nf3 g6 3. Bb5 Bg7 4. d4 Ne7 5. O-O O-O 6. Bf4 c6 7. Be2 d5 8. Nbd2
Nd7 9. Bd6 Nb6 10. e5 Bd7 11. Nb3 Nbc8 12. Nc5 Nxd6 13. exd6 Nf5 14. Ne5 Nxd6
15. Nexd7 b6 16. Nxf8 Bxf8 17. Nd3 Bg7 18. c3 {MNAGROCKI resigns} 1-0

[Event "ICS rated blitz match"]
[Site "207.99.83.227"]
[Date "1999.04.04"]
[Round "?"]
[White "Hossa"]
[Black "MNAGROCKI"]
[Result "1-0"]
[WhiteElo "2383"]
[BlackElo "2011"]
[PlyCount "71"]

1. e4 e6 2. Nf3 g6 3. Bb5 Bg7 4. d4 Ne7 5. O-O O-O 6. Bf4 c6 7. Be2 d6 8. Qd2
f6 9. Bh6 e5 10. dxe5 fxe5 11. Bxg7 Kxg7 12. Rd1 d5 13. exd5 Nxd5 14. Nc3 Be6
15. Nxd5 cxd5 16. c4 d4 17. Nxe5 Qf6 18. Qxd4 Na6 19. Bf3 Rad8 20. Qe3 Nb4 21.
Qxa7 Nc2 22. Rxd8 Rxd8 23. Qxb7+ Kh8 24. Nxg6+ hxg6 25. Rc1 Nd4 26. Bd1 Qf4 27.
Rb1 Bf5 28. Qe7 Qd6 29. Qh4+ Kg7 30. Ra1 Nc6 31. Bf3 Ne5 32. Bd5 Nxc4 33. Bxc4
Rc8 34. Re1 Rxc4 35. Qxc4 Kh6 36. Qh4+ {MNAGROCKI resigns} 1-0

[Event "ICS rated blitz match"]
[Site "207.99.83.227"]
[Date "1999.04.04"]
[Round "?"]
[White "MNAGROCKI"]
[Black "Hossa"]
[Result "0-1"]
[WhiteElo "2008"]
[BlackElo "2386"]
[PlyCount "30"]

1. d4 Nf6 2. c4 g6 3. Nc3 Bg7 4. Nf3 O-O 5. e4 c5 6. d5 d6 7. Bd3 Bg4 8. Kf1
Nbd7 9. Bd2 Ne5 10. Be2 Bxf3 11. gxf3 Qb6 12. b3 e6 13. f4 Ned7 14. f3 exd5 15.
Nxd5 15... Nxd5 {MNAGROCKI resigns} 0-1

[Event "ICS rated blitz match"]
[Site "207.99.83.227"]
[Date "1999.04.04"]
[Round "?"]
[White "Hossa"]
[Black "MNAGROCKI"]
[Result "1-0"]
[WhiteElo "2389"]
[BlackElo "2005"]
[PlyCount "63"]

1. e4 e6 2. d4 g6 3. Nf3 Bg7 4. Bb5 Ne7 5. O-O O-O 6. Bf4 c6 7. Be2 d6 8. Qd2
f6 9. Bh6 e5 10. dxe5 dxe5 11. Qc1 Bg4 12. Rd1 Qc7 13. Bxg7 Kxg7 14. a3 Nd7 15.
Ng5 fxg5 16. Bxg4 Nf6 17. Qxg5 h6 18. Qh4 g5 19. Qg3 Ng6 20. Bf5 Nf4 21. Nc3
Rad8 22. h4 N6h5 23. Qe3 gxh4 24. Qxa7 Kf6 25. Rxd8 Rxd8 26. Qe3 Rg8 27. Bh3
Nxh3+ 28. Qxh3 Rg5 29. Qxh4 Kg6 30. Rd1 Nf4 31. g3 Qf7 32. Rd6+ {
MNAGROCKI resigns} 1-0

[Event "ICS rated blitz match"]
[Site "207.99.83.227"]
[Date "1999.04.04"]
[Round "?"]
[White "MNAGROCKI"]
[Black "Hossa"]
[Result "1-0"]
[WhiteElo "1987"]
[BlackElo "2384"]
[Annotator "Crafty v16.6"]
[PlyCount "80"]

{annotating for player Hossa using a scoring margin of +0.10 pawns. search
time limit is 20.00} 1. d4 1... Nf6 2. c4 g6 3. Nc3 Bg7 4. Nf3 O-O ({8:-0.29} 
4... O-O 5. e4 c6 6. Be2 d5 7. e5 Ng4 8. O-O dxc4 9. Bxc4 $10) ({8:-0.18} 4...
d5 5. e3 Nc6 6. Ne5 dxc4 7. Nxc6 bxc6 8. Bxc4 8... O-O $10) 5. e4 c5 6. d5 d6
7. Bd3 Bg4 8. O-O Bxf3 ({9:-0.76} 8... Bxf3 9. Qxf3 Nbd7 10. Bc2 Ne5 11. Qe2
Qd7 12. Bg5 Nfg4 13. Rae1 $16) ({9:-0.36} 8... Nbd7 9. Be2 Nb6 10. Qd3 e6 11.
h3 Bxf3 12. Bxf3 exd5 13. Nxd5 Nfxd5 14. exd5 $14) 9. Qxf3 Na6 10. a3 Nd7 11.
Qe2 Nc7 12. f4 Bd4+ 13. Kh1 Nf6 ({9:-0.61} 13... Nf6 14. f5 Nd7 15. Bc2 Bg7 16.
Bf4 Ne5 17. fxg6 fxg6 18. b4 $14) ({9:-0.24} 13... Bxc3 14. bxc3 e6 15. dxe6
fxe6 16. Rd1 Qe7 17. Rb1 Nb6 18. e5 18... Rad8 $10) 14. Bd2 Qe8 15. f5 Bxc3 ({
8:-1.07} 15... Bxc3 16. bxc3 Qd8 17. Bh6 Re8 18. fxg6 hxg6 19. Rab1 Rb8 20. Kg1
$16) ({8:-0.62} 15... Nd7 16. fxg6 hxg6 17. Bh6 Bg7 18. Bxg7 Kxg7 19. Qe3 Ne5
20. Rf4 Nxd3 21. Qxd3 $14) 16. Bxc3 g5 ({8:-1.61} 16... g5 17. Bd2 h6 18. h4
Qd7 19. hxg5 hxg5 20. Bxg5 20... a5 $18) ({8:-0.94} 16... Nd7 17. Bd2 Kg7 18.
Bf4 Ne5 19. Bxe5+ dxe5 20. Qe3 b6 21. Qg5 $16) 17. Bd2 h6 18. h4 h5 19. hxg5
Ng4 20. Rf4 Qd7 21. g3 Rab8 22. Qf3 Ne5 ({8:-7.38} 22... Ne5 23. Qxh5 Ng4 24.
Rxg4 b5 25. Bc3 e5 26. dxe6 26... fxe6 $18) ({8:-1.56} 22... b5 23. Bc3 bxc4
24. Bxc4 Nb5 25. Bxb5 Rxb5 26. a4 Rb3 27. f6 $18) 23. Qe2 Ng4 24. Kg2 Ne8 ({
9:-2.23} 24... Ne8 25. Rh1 Ng7 26. f6 exf6 27. gxf6 Ne8 28. Bc3 Qd8 29. Rxh5
29... Ngxf6 $18) ({9:-2.01} 24... b5 25. Bc3 bxc4 26. Bxc4 Qa4 27. Rf3 Na8 28.
f6 exf6 29. gxf6 29... Qd7 $18) 25. Rh1 Ng7 26. Rxh5 Nxh5 27. Rxg4 Ng7 28. g6
Rbc8 ({8:-1.83} 28... Rbc8 29. gxf7+ Rxf7 30. e5 dxe5 31. Qxe5 Qc7 32. Qxc7
Rxc7 33. Bh6 Kh7 34. Bf4 $18) ({8:-1.71} 28... Rbd8 29. gxf7+ Rxf7 30. e5 dxe5
31. Qxe5 Qd6 32. Qxd6 Rxd6 33. Bf4 Rdf6 34. Kf2 $18) 29. Bh6 Kh8 ({9:-5.21} 
29... Kh8 30. gxf7 Rxf7 31. e5 e6 32. Bxg7+ Rxg7 33. dxe6 Qc7 34. Rxg7 Kxg7 35.
f6+ Kf8 36. exd6 36... Qxd6 $18) ({10:-5.07} 29... f6 30. Rh4 Nxf5 31. exf5
Rfe8 32. Qe3 a5 33. Qe4 a4 34. Rh5 $18) 30. Rh4 fxg6 31. fxg6 Kg8 32. Qe3 e5
33. Qg5 Qd8 34. Qg4 Qb6 35. Bxg7 Qxb2+ 36. Be2 Qxe2+ 37. Qxe2 Kxg7 38. Qg4 Rce8
39. Rh7+ Kg8 40. Qd7 Rf2+ 1-0

[Event "ICS rated blitz match"]
[Site "207.99.83.227"]
[Date "1999.04.04"]
[Round "?"]
[White "TDChess"]
[Black "Hossa"]
[Result "1/2-1/2"]
[WhiteElo "2596"]
[BlackElo "2355"]
[PlyCount "138"]

1. d4 Nf6 2. Nf3 e6 3. c4 Be7 4. e3 d5 5. Bd3 O-O 6. Nc3 b6 7. O-O Ba6 8. Ne5
Bb4 9. Qb3 Bd6 10. Rd1 Bxe5 11. dxe5 Ng4 12. Be2 Qh4 13. Bxg4 Bxc4 14. Qa4 Qxg4
15. b3 b5 16. Qb4 a5 17. Qe7 Nc6 18. Qxc7 Rac8 19. Qb6 b4 20. h3 Qh5 21. bxc4
bxc3 22. Ba3 c2 23. Rdc1 Rfd8 24. Rxc2 Nxe5 25. Qxa5 dxc4 26. Qc3 Rd3 27. Qb2
Rcd8 28. Rcc1 Rd2 29. Qb6 Qh4 30. Rf1 Nd3 31. Qb7 Re8 32. Qc6 Qd8 33. Qxc4 Rxf2
34. Rxf2 Nxf2 35. Rf1 Qa8 36. Bb4 Ne4 37. Rc1 f5 38. Rd1 Qa7 39. Rd3 Qa4 40. h4
Kh8 41. a3 h5 42. Qc7 Nf6 43. Rd4 Qb3 44. Qc1 Ne4 45. Rd7 Kh7 46. Rd1 Rc8 47.
Qxc8 Qxd1+ 48. Kh2 Qg4 49. Be1 f4 50. Qc7 fxe3 51. Qc2 Kg8 52. Qc8+ Kf7 53. Qb8
Nd2 54. Kh1 Qe2 55. Qc7+ Kg6 56. Qc2+ Kh6 57. Qc1 e5 58. Qc6+ g6 59. Kh2 Qxe1
60. Qf6 Nf1+ 61. Kg1 Ng3+ 62. Kh2 Qh1+ 63. Kxg3 Qe1+ 64. Kh2 Kh7 65. Qf7+ Kh6
66. Qf6 Kh7 67. Qf7+ Kh6 68. Qf6 Kh7 69. Qf7+ 69... Kh6 {
Game drawn by repetition} 1/2-1/2

[Event "ICS rated blitz match"]
[Site "207.99.83.227"]
[Date "1999.04.04"]
[Round "?"]
[White "Hossa"]
[Black "Vermillion"]
[Result "0-1"]
[WhiteElo "2365"]
[BlackElo "2332"]
[Annotator "Crafty v16.6"]
[PlyCount "102"]

{annotating for player Hossa using a scoring margin of +0.10 pawns. search
time limit is 20.00} 1. e4 1... c5 2. Bc4 e6 3. Nc3 a6 4. a4 ({9:+0.06} 4. a4
4... Nf6 5. e5 d5 6. exd6 Bxd6 7. Nf3 Nc6 8. O-O 8... O-O $10) ({9:+0.32} 4.
Nf3 4... Nc6 5. d4 b5 6. Be2 b4 7. Na4 cxd4 8. Nxd4 8... Nge7 $14) 4... Nc6 5.
Nf3 Qc7 6. O-O Nd4 7. d3 Bd6 8. Kh1 Ne7 9. Nxd4 cxd4 10. Ne2 Nc6 11. Bd2 ({
9:-0.29} 11. Bd2 11... O-O 12. c3 Ne5 13. cxd4 Nxc4 14. dxc4 Qxc4 15. Bf4 15...
Bb4 $10) ({9:-0.13} 11. Bg5 11... O-O 12. Qd2 Ne5 13. Bb3 Bc5 14. c3 Ng4 15.
Nf4 dxc3 16. bxc3 Nxf2+ 17. Rxf2 Bxf2 18. Qxf2 18... Qxc3 $10) 11... O-O 12.
Bg5 ({9:-0.34} 12. Bg5 12... Qa5 13. Bf4 Bxf4 14. Nxf4 Qe5 15. Qf3 d6 16. Kg1
16... a5 $15) ({9:-0.12} 12. c3 12... dxc3 13. Bxc3 Qd8 14. Rc1 Qh4 15. g3 Qh3
16. Ng1 16... Qh6 $10) 12... Ne5 13. f4 ({9:-0.83} 13. f4 13... Ng4 14. Qd2 Ne3
15. Rf2 Qc6 16. Kg1 Nxc4 17. dxc4 Qxe4 18. Qxd4 $17) ({9:-0.12} 13. Nxd4 13...
Nxc4 14. dxc4 Qxc4 15. Nf3 Bc5 16. Qd3 Qxd3 17. cxd3 a5 18. Rac1 $10) 13... Ng4
14. Qd2 Ne3 15. Rf3 Bb4 16. c3 ({10:-0.95} 16. c3 16... Nxc4 17. dxc4 dxc3 18.
bxc3 Bc5 19. Rg3 Bf2 20. Rf3 Bb6 21. Be7 21... Re8 $17) ({10:-0.82} 16. Qxb4
16... Nxc2 17. Qxf8+ Kxf8 18. Rc1 Ne3 19. Nxd4 Qb6 20. Rxe3 Qxd4 21. Re2 21...
d6 $17) 16... Nxc4 17. dxc4 dxc3 18. bxc3 Bc5 19. Nd4 f6 20. Bh4 Bd6 21. Nc2
Re8 22. Rd1 Be7 23. Qd3 ({9:-1.18} 23. Qd3 23... Qc6 24. Rh3 Qxa4 25. e5 f5 26.
Bxe7 Rxe7 27. Nd4 27... a5 $17) ({9:-1.04} 23. Qe2 23... Qa5 24. Ra1 Qh5 25.
Bg3 d6 26. e5 dxe5 27. fxe5 27... f5 $17) 23... Qc6 24. Rh3 d6 25. Ra1 Qc5 26.
a5 ({8:-1.05} 26. a5 26... d5 27. Ne3 dxe4 28. Qxe4 e5 29. f5 Rd8 30. Nd5 $17)
({8:-0.82} 26. Ne3 26... Rb8 27. f5 Qc6 28. Rf3 Qd7 29. fxe6 Qxe6 30. Nd5 $17)
26... d5 27. cxd5 ({9:-1.31} 27. cxd5 27... exd5 28. Rf3 dxe4 29. Qxe4 Bf5 30.
Qa4 Bd6 31. Qb3+ Kh8 32. Nd4 32... Be4 $17) ({9:-1.09} 27. Ne3 27... dxe4 28.
Qxe4 e5 29. f5 Kh8 30. Bf2 Rd8 31. Nd5 Qxf2 32. Nxe7 $17) 27... exd5 28. Rf3
dxe4 29. Qxe4 Bf5 30. Qa4 Bf8 31. Nd4 Be4 32. Rg3 Qd6 33. Rf1 Rad8 34. Qd1 Kh8
35. Qg4 Qd5 36. Ra1 h5 37. Qe2 Bd6 38. Rh3 Kg8 39. Bg3 Bc7 40. Qb2 Bxa5 41. Be1
Bb6 42. Rc1 Rc8 43. Nb3 Qc4 44. Nd2 Bxg2+ 45. Kxg2 Re2+ 46. Kh1 Rxd2 47. Qb3
Qxb3 48. c4 Qxh3 49. Bf2 Qf3+ 50. Kg1 Bxf2+ 51. Kf1 Qh1# 0-1

[Event "ICS rated blitz match"]
[Site "207.99.83.227"]
[Date "1999.04.04"]
[Round "?"]
[White "Vermillion"]
[Black "Hossa"]
[Result "1-0"]
[WhiteElo "2423"]
[BlackElo "2362"]
[Annotator "Crafty v16.6"]
[PlyCount "103"]

{annotating for player Hossa using a scoring margin of +0.10 pawns. search
time limit is 20.00} 1. e4 1... c5 2. Nf3 Nc6 3. d4 cxd4 4. Nxd4 Qb6 5. Nb3 Nf6
6. Nc3 e6 7. Be3 Qd8 8. a3 Be7 9. Bc4 d6 10. O-O O-O 11. Re1 Ne5 12. Be2 Bd7
13. Bf4 Rc8 14. Rc1 Bc6 15. Qd4 Ng6 16. Bg5 a5 17. Bb5 Ne5 18. Bf1 Neg4 19. h3
h6 20. Bd2 Ne5 21. Na4 Bxa4 22. Qxa4 b6 23. Ba6 Rc7 24. Qd4 Nfd7 ({9:-0.58} 
24... Nfd7 25. Bc3 Bg5 26. Rcd1 Bf4 27. Kf1 a4 28. Qxa4 28... Qe7 $14) ({
9:-0.40} 24... Ned7 25. Bb5 Ne8 26. c3 Bf6 27. Qd3 Bg5 28. Rcd1 Bxd2 29. Rxd2
$14) 25. Bc3 Qa8 ({9:-1.26} 25... Qa8 26. Bb5 f6 27. f4 Ng6 28. Bxd7 Rxd7 29.
f5 Nf4 30. fxe6 $16) ({9:-0.50} 25... Bg5 26. Rcd1 Bf4 27. Kf1 Qg5 28. Qxd6 Nf3
29. e5 Rxc3 30. gxf3 $14) 26. Bb5 Nc5 ({8:-1.94} 26... Nc5 27. f4 Nxb3 28. cxb3
Rc5 29. fxe5 Bg5 30. Rcd1 Rxb5 31. exd6 $18) ({8:-0.93} 26... Nf6 27. Rcd1 Qb7
28. a4 Nc6 29. Qe3 d5 30. e5 $16) 27. f4 Nxb3 28. cxb3 Rc5 ({9:-2.81} 28... Rc5
29. a4 Rd8 30. fxe5 dxe5 31. Qf2 Bg5 32. Rc2 32... Qc8 $18) ({9:-2.33} 28...
Rxc3 29. Rxc3 Ng6 30. Qe3 Bf6 31. Rc6 d5 32. exd5 exd5 33. f5 $18) 29. a4 Qb8 (
{9:-2.84} 29... Qb8 30. fxe5 dxe5 31. Qd1 Bg5 32. Bd2 Bxd2 33. Qxd2 Qd8 34. Bd7
$18) ({9:-2.37} 29... Rxc3 30. Rxc3 Ng6 31. Qe3 Bf6 32. Rc6 d5 33. exd5 exd5
34. f5 $18) 30. fxe5 dxe5 31. Qd3 Rd8 32. Qf3 Bg5 33. Rcd1 Bf4 34. g3 Bg5 35.
Rf1 Bf6 36. Bd2 Rc2 37. Bc3 Rc8 38. Qd3 R2xc3 39. bxc3 Qc7 40. Ba6 Qc5+ 41. Kg2
Rc7 42. Rf3 Qf8 43. Qd6 Qb8 44. Kg1 h5 45. g4 hxg4 46. hxg4 Qa7 47. Rh3 Be7 48.
Qxe7 b5+ 49. Kg2 Qf2+ 50. Kxf2 Rc8 51. Rd8+ Rxd8 52. Qxd8# 1-0

[Event "ICS rated blitz match"]
[Site "207.99.83.227"]
[Date "1999.04.04"]
[Round "?"]
[White "Hossa"]
[Black "toothfairy"]
[Result "1-0"]
[WhiteElo "2359"]
[BlackElo "1993"]
[PlyCount "71"]

1. e4 e5 2. Nf3 d6 3. Be2 Bg4 4. O-O Be7 5. d4 Bxf3 6. Bxf3 Bg5 7. Bxg5 Qxg5 8.
c3 c6 9. Na3 Ne7 10. Nc4 Nc8 11. Bg4 Nd7 12. Bxd7+ Kxd7 13. dxe5 Qe7 14. Qg4+
Kc7 15. Qxg7 Re8 16. exd6+ Nxd6 17. Nxd6 Qxd6 18. Qxf7+ Re7 19. Qf5 Rg8 20.
Rfd1 Qh6 21. f4 Reg7 22. Rd2 a6 23. Rad1 Kb6 24. b4 Qh4 25. Qc5+ Kc7 26. Qe5+
Kc8 27. Kh1 h5 28. a4 Qg4 29. f5 Qg5 30. Qe6+ Kb8 31. f6 Rc7 32. Qxg8+ Qxg8 33.
Rd8+ Rc8 34. Rxg8 Rxg8 35. e5 Rf8 36. Re1 {toothfairy resigns} 1-0

[Event "ICS rated blitz match"]
[Site "207.99.83.227"]
[Date "1999.04.04"]
[Round "?"]
[White "Hossa"]
[Black "toothfairy"]
[Result "1/2-1/2"]
[WhiteElo "2365"]
[BlackElo "1987"]
[PlyCount "100"]

1. e4 e5 2. Nf3 d6 3. Be2 Bg4 4. O-O Nf6 5. d4 Bxf3 6. Bxf3 c6 7. dxe5 dxe5 8.
Qxd8+ Kxd8 9. Bg5 Be7 10. Bxf6 Bxf6 11. Rd1+ Ke7 12. Na3 Na6 13. Nc4 b6 14. Nd6
g6 15. Be2 Nc5 16. Bc4 Rhf8 17. b4 Ne6 18. Bxe6 Kxe6 19. c3 Rfd8 20. Nc4 Be7
21. a4 Rxd1+ 22. Rxd1 Rd8 23. Rxd8 Bxd8 24. f3 b5 25. axb5 cxb5 26. Na3 Bb6+
27. Kf1 a6 28. Ke2 Kd6 29. c4 Kc6 30. Kd3 Bd4 31. c5 a5 32. bxa5 Bxc5 33. Nc2
Kb7 34. Kc3 Ka6 35. Nb4+ Kxa5 36. Nc6+ Ka4 37. Nxe5 b4+ 38. Kd3 Bd6 39. Nxf7
Bxh2 40. e5 b3 41. e6 Ka3 42. e7 b2 43. e8=Q b1=Q+ 44. Ke2 Qc2+ 45. Kf1 Qc4+
46. Kf2 Qa2+ 47. Kf1 Qc4+ 48. Kf2 Qa2+ 49. Kf1 Qc4+ 50. Kf2 50... Qa2+ {
Game drawn by repetition} 1/2-1/2

[Event "ICS rated blitz match"]
[Site "207.99.83.227"]
[Date "1999.04.04"]
[Round "?"]
[White "Hossa"]
[Black "toothfairy"]
[Result "1-0"]
[WhiteElo "2363"]
[BlackElo "1989"]
[PlyCount "56"]

1. e4 e5 2. Nf3 d6 3. d4 Nd7 4. Bd3 c6 5. dxe5 dxe5 6. O-O Qc7 7. Bg5 Be7 8.
Qd2 h6 9. Bxe7 Nxe7 10. Nc3 Ng6 11. Rad1 O-O 12. Bc4 b5 13. Bd3 Nf6 14. a4 a6
15. Qe3 Bg4 16. Kh1 Nf4 17. Rd2 Rad8 18. Rfd1 c5 19. axb5 c4 20. b6 Qc6 21.
Nxe5 Qe6 22. Bxc4 Qxe5 23. Rxd8 Bxd1 24. Rxd1 Ng4 25. Qg3 Nf6 26. Bxa6 N6h5 27.
Qe3 Qf6 28. Be2 28... Nxe2 {toothfairy resigns} 1-0

[Event "ICS rated blitz match"]
[Site "207.99.83.227"]
[Date "1999.04.04"]
[Round "?"]
[White "toothfairy"]
[Black "Hossa"]
[Result "0-1"]
[WhiteElo "1986"]
[BlackElo "2366"]
[PlyCount "50"]

1. e4 d6 2. d4 Nf6 3. Nc3 g6 4. f4 Bg7 5. Be2 Nc6 6. Nf3 Bg4 7. h3 Bxf3 8. Bxf3
O-O 9. e5 Nd7 10. O-O Rb8 11. a4 Na5 12. Qe2 c5 13. exd6 Bxd4+ 14. Kh1 exd6 15.
Nd5 Nb6 16. Nxb6 Qxb6 17. Bd5 Rbe8 18. Qg4 Qa6 19. Bd2 Bxb2 20. Rab1 Nc4 21. f5
Nxd2 22. fxg6 Nxb1 23. gxf7+ Kh8 24. fxe8=Q Qxf1+ 25. Kh2 25... Rxe8 {
toothfairy resigns} 0-1

[Event "ICS rated blitz match"]
[Site "207.99.83.227"]
[Date "1999.04.04"]
[Round "?"]
[White "Hossa"]
[Black "toothfairy"]
[Result "1-0"]
[WhiteElo "2369"]
[BlackElo "1983"]
[PlyCount "51"]

1. e4 e5 2. Nf3 d6 3. Be2 Bg4 4. O-O Nd7 5. Nc3 c6 6. d4 Qc7 7. d5 c5 8. Ng5
Bxe2 9. Nxe2 Be7 10. Ng3 Bxg5 11. Bxg5 f6 12. Be3 Ne7 13. Qh5+ g6 14. Qh3 O-O-O
15. b4 b6 16. bxc5 bxc5 17. Rfb1 f5 18. Bg5 Nb6 19. exf5 Nexd5 20. Bxd8 Qxd8
21. fxg6+ Kc7 22. g7 Rg8 23. Qxh7 Nf6 24. Qg6 Qe7 25. Nf5 Nbd5 26. Nxe7 {
toothfairy resigns} 1-0